| 000 | 00654nam a2200193Ia 4500 | ||
|---|---|---|---|
| 003 | GCL | ||
| 008 | 140319s9999 xx 000 0 ara d | ||
| 040 |
_aGCL / _cGCL |
||
| 082 | 0 | 4 |
_a956.044 _bا ا |
| 100 | 1 | _aاحمد شوقى الفنجرى | |
| 245 | 1 | 0 |
_aاسرائيل كما عرفتها / _cاحمد شوقى الفنجرى |
| 300 | _a155 ص | ||
| 490 |
_aالهيئة العامة للاستعلامات _v0 |
||
| 650 | 0 | 4 | _aالحروب العربية الاسرائيلية |
| 650 | 0 | 4 | _aالاعتداء الثلاثى على مصر 1956 |
| 650 | 0 | 4 | _aاسرى الحرب |
| 650 | 0 | 4 | _aاسرى الحرب - تعذيب |
| 942 |
_2ddc _cBK |
||
| 999 |
_c50398 _d50398 |
||